000 00591nam a2200181Ia 4500
008 100921s9999 xx 000 0 und d
082 _b12645
_a891.463 थ 77
100 _aठकार अंजली.
245 _aमन वढाय वढाय.
260 _bनिशांत प्रकाशन, पुणे.
_c1977
300 _a142
_b---
365 _b12
520 _aललित-कादंबरी.
630 _aमन वढाय वढाय.
650 _aललित-कादंबरी.
730 _aमन वढाय वढाय.
942 _cBOOK
999 _c761758
_d761755